[Event "Team junior-girls chess final 2017"]
[Site "Sochi"]
[Date "2017.05.01"]
[Round "1.1"]
[White "Tokmakova, Ulyana"]
[Black "Podgornova, Anna"]
[Result "1-0"]
[WhiteElo "1315"]
[BlackElo "1708"]
[PlyCount "83"]
[EventDate "2017.05.01"]

1. Nf3 d5 2. b3 Nf6 3. Bb2 c5 4. e3 g6 5. Be2 Bg7 6. O-O O-O 7. c4 d4 8. exd4
Nh5 9. d3 cxd4 10. Re1 Nc6 11. Nbd2 Nf4 12. Bf1 e5 13. Ne4 f5 14. Ng3 Re8 15.
a3 b6 16. b4 Bb7 17. Qb3 Kh8 18. Rac1 Qd7 19. c5 b5 20. Ng5 Ne6 21. Nxe6 Rxe6
22. Be2 Ne7 23. Bd1 e4 24. dxe4 fxe4 25. Bg4 Bd5 26. Bxe6 Qxe6 27. Qd1 d3 28.
Qd2 Be5 29. Nxe4 Qf5 30. Nd6 Qg4 31. Bxe5+ Kg8 32. f4 Qxg2+ 33. Qxg2 Bxg2 34.
Kxg2 d2 35. Red1 dxc1=Q 36. Rxc1 Nc6 37. Kf3 a5 38. Nxb5 axb4 39. axb4 Nxb4 40.
c6 Nd3 41. Rc3 Nxe5+ 42. fxe5 1-0

[Event "Team junior-girls chess final 2017"]
[Site "Sochi"]
[Date "2017.05.01"]
[Round "1.1"]
[White "Lysokon, Polina"]
[Black "Zelenskaya, Anastasiya"]
[Result "1/2-1/2"]
[WhiteElo "1610"]
[BlackElo "1738"]
[PlyCount "81"]
[EventDate "2017.05.01"]

1. e4 c5 2. Nf3 Nc6 3. Bb5 g6 4. Bxc6 dxc6 5. O-O Bg7 6. d3 Bg4 7. Nbd2 e5 8.
h3 Bxf3 9. Nxf3 h6 10. Nh2 Nf6 11. Be3 Qd6 12. Qc1 g5 13. Re1 Nh5 14. Nf1 Nf4
15. Ng3 b6 16. Nf5 Qg6 17. Kh2 Bf6 18. g3 Ne6 19. Nd6+ Kd7 20. Nf5 Nd4 21. Bxd4
exd4 22. f4 h5 23. Qd2 Rag8 24. Qf2 Bd8 25. fxg5 Qxg5 26. e5 Bc7 27. Qf4 Qxf4
28. gxf4 h4 29. Rg1 f6 30. Rae1 Rxg1 31. Rxg1 fxe5 32. Rg7+ Kd8 33. Ne7 Rh6 34.
Rg6 Rxg6 35. Nxg6 exf4 36. Nxh4 Ke7 37. Kg2 Kf6 38. Kf3 Kg5 39. Ng2 Bd6 40. Ke4
Bc7 41. Kf3 1/2-1/2

[Event "Team junior-girls chess final 2017"]
[Site "Sochi"]
[Date "2017.05.01"]
[Round "1.1"]
[White "Lintsova, Liliya"]
[Black "Surovtseva, Alisa"]
[Result "1/2-1/2"]
[WhiteElo "1528"]
[BlackElo "1588"]
[PlyCount "117"]
[EventDate "2017.05.01"]

1. d4 d5 2. Bf4 c5 3. e3 Nc6 4. Nf3 Nf6 5. c3 Qb6 6. Qb3 c4 7. Qxb6 axb6 8.
Nbd2 b5 9. Be2 b4 10. O-O Bf5 11. Nh4 Bg6 12. Nxg6 hxg6 13. h3 e6 14. Rfc1 Kd7
15. e4 b5 16. Bf3 bxc3 17. bxc3 Ba3 18. Rc2 b4 19. Rb1 Ra7 20. Be3 Rb8 21. exd5
exd5 22. Kf1 Rbb7 23. Ke2 bxc3 24. Rxb7+ Rxb7 25. Rxc3 Bb2 26. Rc2 Bxd4 27. g3
Be5 28. Kf1 Nb4 29. Rxc4 dxc4 30. Bxb7 c3 31. Nc4 Bc7 32. a3 Nbd5 33. Ke2 Nxe3
34. Nxe3 Bd6 35. Nc4 Bc5 36. f4 Nh5 37. Kd3 Nxg3 38. Kxc3 Ne2+ 39. Kd2 Nxf4 40.
h4 Ne6 41. a4 Bb4+ 42. Ke3 Nc5 43. Bd5 f6 44. Nb2 Bc3 45. Nd1 Be1 46. Bf7 Bxh4
47. Bxg6 Nxa4 48. Ke4 Ke6 49. Ne3 Nc5+ 50. Kf3 Bg5 51. Nf5 Bh6 52. Nxh6 gxh6
53. Kg4 Nd7 54. Bf5+ Kd5 55. Kh5 Ne5 56. Kxh6 Nf7+ 57. Kg6 Ke5 58. Bc2 Ng5 59.
Bb1 1/2-1/2

[Event "Team junior-girls chess final 2017"]
[Site "Sochi"]
[Date "2017.05.01"]
[Round "1.1"]
[White "Tolstykh, Arina"]
[Black "Asatryan, Maria"]
[Result "0-1"]
[WhiteElo "1439"]
[BlackElo "1349"]
[PlyCount "52"]
[EventDate "2017.05.01"]

1. d4 Nf6 2. Nf3 g6 3. c4 c5 4. e3 Bg7 5. Nc3 O-O 6. Be2 cxd4 7. exd4 d5 8. O-O
Nc6 9. Bf4 Bg4 10. cxd5 Nxd5 11. Be5 Nxc3 12. bxc3 Bxf3 13. Bxf3 Nxe5 14. dxe5
Bxe5 15. Qxd8 Raxd8 16. Rae1 Bf6 17. Bxb7 Rd7 18. Bf3 Bxc3 19. Re3 Bf6 20. Ra3
Rb8 21. g3 Rb2 22. Bc6 Rdd2 23. Rxa7 Bd4 24. Rxe7 Bxf2+ 25. Kh1 Bc5 26. Re8+
Kg7 0-1

[Event "Team junior-girls chess final 2017"]
[Site "Sochi"]
[Date "2017.05.01"]
[Round "1.2"]
[White "Moiseeva, Olesya"]
[Black "Vyrtosu, Natalia"]
[Result "1-0"]
[WhiteElo "1687"]
[BlackElo "1871"]
[PlyCount "35"]
[EventDate "2017.05.01"]

1. e4 c6 2. d4 d5 3. Nc3 dxe4 4. Nxe4 Bf5 5. Ng3 Bg6 6. Bc4 e6 7. N1e2 Nf6 8.
h4 h6 9. Nf4 Bh7 10. O-O Nd5 11. Bxd5 cxd5 12. Qh5 Qd7 13. Re1 Be7 14. Nxe6 Bg6
15. Nxg7+ Kf8 16. Qe5 Nc6 17. Ne6+ Kg8 18. Qg7# 1-0

[Event "Team junior-girls chess final 2017"]
[Site "Sochi"]
[Date "2017.05.01"]
[Round "1.2"]
[White "Girshgorn, Maria"]
[Black "Andreeva, Anastasiia"]
[Result "1-0"]
[WhiteElo "1813"]
[BlackElo "1598"]
[PlyCount "53"]
[EventDate "2017.05.01"]

1. d4 d5 2. Nf3 Nf6 3. c4 c6 4. Nc3 a6 5. cxd5 cxd5 6. Bg5 e6 7. e3 Be7 8. Bd3
Nc6 9. Rc1 h6 10. Bh4 Qb6 11. Qe2 Qd8 12. O-O Nd7 13. Bxe7 Qxe7 14. e4 dxe4 15.
Bxe4 Nf6 16. Bxc6+ bxc6 17. Na4 Qb4 18. Rc4 Qb5 19. Qc2 Bd7 20. Ne5 Rc8 21. Nc5
Ke7 22. Rc3 Rb8 23. Rb3 Qa5 24. Rxb8 Rxb8 25. Ncxd7 Rc8 26. Nxf6 gxf6 27. Qxc6
1-0

[Event "Team junior-girls chess final 2017"]
[Site "Sochi"]
[Date "2017.05.01"]
[Round "1.2"]
[White "Mikhailova, Yuliya"]
[Black "Bondareva, Daria"]
[Result "1-0"]
[WhiteElo "1771"]
[BlackElo "1778"]
[PlyCount "89"]
[EventDate "2017.05.01"]

1. d4 Nf6 2. Nf3 e6 3. Bf4 b6 4. e3 Bb7 5. Bd3 Be7 6. h3 O-O 7. Nbd2 d6 8. O-O
Nbd7 9. c3 c5 10. Qe2 Qc7 11. e4 e5 12. dxe5 dxe5 13. Bh2 Rfe8 14. Rfd1 h6 15.
a4 Rad8 16. Bb5 Bf8 17. Nc4 a6 18. Nfxe5 Rxe5 19. Bxd7 Nxd7 20. Nxe5 Nxe5 21.
Rxd8 Qxd8 22. Bxe5 Qe7 23. Bg3 Qxe4 24. Qxe4 Bxe4 25. Rd1 f6 26. Rd8 Kf7 27.
Bd6 Bxd6 28. Rxd6 Bc2 29. Rxb6 Bxa4 30. Rxa6 Bb3 31. Ra7+ Kg8 32. f4 g5 33.
fxg5 hxg5 34. Kf2 Kf8 35. g3 Kg8 36. Ke3 Be6 37. h4 gxh4 38. gxh4 f5 39. b4
cxb4 40. cxb4 Bc4 41. Kf4 Bd3 42. Ra5 Kg7 43. Rxf5 Kg6 44. Rg5+ Kh6 45. b5 1-0

[Event "Team junior-girls chess final 2017"]
[Site "Sochi"]
[Date "2017.05.01"]
[Round "1.2"]
[White "Kasaeva, Sofiia"]
[Black "Baisheva, Nyurguiaana"]
[Result "1-0"]
[WhiteElo "1661"]
[BlackElo "1728"]
[PlyCount "105"]
[EventDate "2017.05.01"]

1. e4 c5 2. Nf3 d6 3. d4 cxd4 4. Nxd4 Nf6 5. Nc3 a6 6. Bg5 Nbd7 7. f4 Qc7 8.
Qf3 h6 9. Bh4 g5 10. fxg5 hxg5 11. Bxg5 Qc5 12. Bxf6 Nxf6 13. Nf5 Nxe4 14. Nxe4
Qxf5 15. Qe2 Be6 16. O-O-O Qf4+ 17. Kb1 Rxh2 18. Rxh2 Qxh2 19. Qf3 Qe5 20. Nc3
O-O-O 21. Bxa6 bxa6 22. Qc6+ Kb8 23. Qb6+ Kc8 24. Qxa6+ Kd7 25. Qa4+ Kc7 26.
Qa7+ Kc6 27. Qa6+ Kd7 28. Qa4+ Kc8 29. Qc6+ Kb8 30. Qb6+ Kc8 31. Nb5 Qc5 32.
Na7+ Kd7 33. Qxc5 Ke8 34. Qc7 f6 35. Re1 Bd7 36. Qxd6 Bf5 37. Qc6+ Kf7 38. Qc5
Kg6 39. Rf1 e6 40. Qe3 Bd6 41. Qb6 Rd7 42. Nb5 Be5 43. g4 Bxg4 44. Rg1 Kf5 45.
Qf2+ Bf4 46. Nd4+ Rxd4 47. Qxd4 Kg5 48. Qd1 f5 49. Qd8+ Kg6 50. Qe7 e5 51. Qe6+
Kg5 52. Rh1 Bh5 53. Qg8+ 1-0

[Event "Team junior-girls chess final 2017"]
[Site "Sochi"]
[Date "2017.05.01"]
[Round "1.3"]
[White "Yakimova, Mariya"]
[Black "Ilyina, Lada"]
[Result "0-1"]
[WhiteElo "1808"]
[BlackElo "1670"]
[PlyCount "94"]
[EventDate "2017.05.01"]

1. e4 e6 2. d4 d5 3. Nc3 Nf6 4. Bg5 Be7 5. e5 Nfd7 6. h4 h6 7. Bxe7 Qxe7 8. Qg4
g6 9. f4 h5 10. Qg3 a6 11. Nf3 c5 12. O-O-O Nc6 13. Qf2 b5 14. dxc5 Nxc5 15.
Nd4 Nxd4 16. Qxd4 b4 17. Nb1 a5 18. Bb5+ Bd7 19. Bxd7+ Nxd7 20. a4 Qc5 21. Qd3
Nb6 22. b3 Rc8 23. Kb2 Ke7 24. Rd2 Rhd8 25. Qg3 Ke8 26. Qg5 Qe7 27. Rd4 Qc5 28.
Rd2 Qe7 29. Rhd1 Qxg5 30. hxg5 Nd7 31. c3 Rb8 32. c4 dxc4 33. bxc4 Nc5 34.
Rxd8+ Rxd8 35. Rxd8+ Kxd8 36. Nd2 Nxa4+ 37. Kc2 Nc5 38. Nf3 a4 39. Nd4 Kd7 40.
Nb5 a3 41. Nd6 Ke7 42. Nc8+ Kf8 43. Nd6 b3+ 44. Kb1 Nd3 45. g3 a2+ 46. Ka1 Nb4
47. c5 Nc2+ 0-1

[Event "Team junior-girls chess final 2017"]
[Site "Sochi"]
[Date "2017.05.01"]
[Round "1.3"]
[White "Strukova, Ksenia"]
[Black "Tukaeva, Aida"]
[Result "1-0"]
[WhiteElo "1762"]
[BlackElo "1852"]
[PlyCount "77"]
[EventDate "2017.05.01"]

1. e4 d6 2. d4 Nf6 3. Nc3 c6 4. f4 Qa5 5. Bd3 e5 6. Nf3 Bg4 7. dxe5 dxe5 8. f5
Nbd7 9. h3 Bxf3 10. Qxf3 O-O-O 11. O-O Bc5+ 12. Kh2 g6 13. Bc4 Ne8 14. Bxf7 Nd6
15. fxg6 hxg6 16. Qg4 Rdf8 17. Qxg6 Rhg8 18. Qxg8 Rxg8 19. Bxg8 Qd8 20. Be6 Qh4
21. Bg4 Bf2 22. Kh1 Bd4 23. Bd2 Kc7 24. Be1 Qg5 25. Bf3 Nf6 26. Rd1 Bxc3 27.
Bxc3 Nfxe4 28. Bxe4 Nxe4 29. Ba5+ b6 30. Rf7+ Kc8 31. Be1 Nc5 32. Bc3 Qg6 33.
Rdf1 Ne6 34. R1f6 Qg8 35. Bxe5 Kd8 36. Rxa7 Qg5 37. Rxe6 Qc1+ 38. Kh2 Qxc2 39.
Bf6+ 1-0

[Event "Team junior-girls chess final 2017"]
[Site "Sochi"]
[Date "2017.05.01"]
[Round "1.3"]
[White "Fairuzova, Zulfiiya"]
[Black "Granovskaya, Ekaterina"]
[Result "0-1"]
[WhiteElo "1677"]
[BlackElo "1741"]
[PlyCount "64"]
[EventDate "2017.05.01"]

1. d4 d5 2. c4 e6 3. Nf3 a6 4. Nc3 Nf6 5. Bg5 dxc4 6. a4 Nc6 7. e4 Na5 8. Qc2
h6 9. Be3 Bb4 10. Nd2 c5 11. dxc5 Ng4 12. Bf4 Bxc5 13. Bg3 Qd4 14. Nf3 Qd8 15.
h3 Nf6 16. Nd2 Bd7 17. Nxc4 Nxc4 18. Bxc4 Bc6 19. O-O Qd4 20. Bd3 O-O 21. Rad1
Rfd8 22. e5 Qb4 23. exf6 gxf6 24. Qc1 Kg7 25. Qf4 Rd4 26. Qc1 Rad8 27. Bc2 h5
28. h4 Rg4 29. Kh1 Rxh4+ 30. Kg1 Qg4 31. Qf4 Rh1+ 32. Kxh1 Qh3+ 0-1

[Event "Team junior-girls chess final 2017"]
[Site "Sochi"]
[Date "2017.05.01"]
[Round "1.3"]
[White "Nur-Mukhametova, Alisa"]
[Black "Gibadullina, Rajana"]
[Result "1-0"]
[WhiteElo "1699"]
[BlackElo "1706"]
[PlyCount "125"]
[EventDate "2017.05.01"]

1. d4 Nf6 2. Nf3 g6 3. Nbd2 Bg7 4. e4 d6 5. Bd3 O-O 6. O-O Nbd7 7. c3 c5 8. Re1
Rb8 9. a4 b6 10. h3 Bb7 11. e5 Nd5 12. Nc4 dxe5 13. dxe5 Nc7 14. Bg5 Ne6 15.
Bh4 a6 16. Be4 Bxe4 17. Rxe4 Qe8 18. Ne3 Nc7 19. Nd5 Nxd5 20. Qxd5 Rc8 21. Rd1
Nb8 22. Qb7 Qc6 23. Qxc6 Nxc6 24. Rd7 Rfd8 25. Rb7 Rb8 26. Rc7 Rbc8 27. Rxc8
Rxc8 28. Kf1 b5 29. Bg3 e6 30. axb5 axb5 31. Ke2 Ra8 32. Nd2 Ra2 33. b3 Bh6 34.
f4 Ne7 35. c4 b4 36. Bf2 Ra5 37. g4 Kf8 38. g5 Bg7 39. Re3 Nf5 40. Rd3 Ke8 41.
Ne4 h6 42. gxh6 Bxh6 43. Bxc5 Ra2+ 44. Kf3 Bg7 45. Bxb4 Rh2 46. Nf2 Bh6 47. Bc5
g5 48. b4 gxf4 49. b5 Nh4+ 50. Ke4 Nf5 51. b6 Ne7 52. Bxe7 Rxf2 53. Rb3 Kxe7
54. b7 Re2+ 55. Kf3 Rxe5 56. b8=Q Rh5 57. Rb7+ Kf6 58. Qd8+ Kg7 59. Qe7 Rf5 60.
Qxe6 Rf6 61. Qe5 Kg6 62. h4 Re6 63. h5+ 1-0

[Event "Team junior-girls chess final 2017"]
[Site "Sochi"]
[Date "2017.05.01"]
[Round "1.4"]
[White "Assaubayeva, Bibisara"]
[Black "Vinokur, Yuliya"]
[Result "1/2-1/2"]
[WhiteElo "2224"]
[BlackElo "2233"]
[PlyCount "109"]
[EventDate "2017.05.01"]

1. d4 g6 2. c4 Bg7 3. e4 d6 4. Nc3 e5 5. Nf3 Nc6 6. Be3 Bg4 7. dxe5 Nxe5 8. Be2
Bxf3 9. Bxf3 Qd7 10. Be2 Ne7 11. Nd5 O-O 12. O-O c6 13. Nxe7+ Qxe7 14. Qc2 b6
15. f4 Nd7 16. Bf3 Nc5 17. Rae1 Rad8 18. Kh1 Rfe8 19. e5 dxe5 20. Bxc6 Nd3 21.
Bxe8 Nxe1 22. Rxe1 Rxe8 23. f5 e4 24. Rf1 Qe5 25. b4 Rc8 26. c5 bxc5 27. bxc5
Bf8 28. Qc4 gxf5 29. g4 Qe6 30. Qxe6 fxe6 31. gxf5 Kf7 32. fxe6+ Kxe6 33. c6
Bd6 34. Rc1 Rc7 35. Rc4 Kd5 36. Rd4+ Kxc6 37. Rxe4 Kd5 38. Rd4+ Ke5 39. Ra4 Rc2
40. Bf4+ Kd5 41. Bxd6 Kxd6 42. Rxa7 h5 43. a4 Ra2 44. a5 Ke6 45. a6 Kf5 46. Ra8
Kg4 47. a7 Kh3 48. Kg1 h4 49. Rf8 Ra1+ 50. Rf1 Rxa7 51. Rf3+ Kg4 52. Rb3 Ra4
53. h3+ Kf4 54. Kf2 Ra2+ 55. Kg1 1/2-1/2

[Event "Team junior-girls chess final 2017"]
[Site "Sochi"]
[Date "2017.05.01"]
[Round "1.4"]
[White "Mironenko, Galina"]
[Black "Bulatova, Kamaliya"]
[Result "1-0"]
[WhiteElo "1949"]
[BlackElo "2009"]
[PlyCount "103"]
[EventDate "2017.05.01"]

1. Nf3 Nf6 2. g3 g6 3. Bg2 Bg7 4. O-O O-O 5. d4 d6 6. c4 Nbd7 7. Nc3 e5 8. b3
exd4 9. Nxd4 a6 10. e4 Re8 11. Be3 Rb8 12. f3 Ne5 13. Qd2 Bd7 14. Bg5 Qc8 15.
Rac1 Nc6 16. Nde2 b5 17. Nd5 Nxd5 18. cxd5 Nd8 19. a3 Qb7 20. b4 Rc8 21. Rfd1
f6 22. Be3 Nf7 23. Nd4 Ne5 24. Qa2 Kh8 25. Bf2 Bh6 26. Rc3 Qa8 27. Qc2 Qb8 28.
f4 Nc4 29. Bf1 Nb6 30. Rc1 Na8 31. Nc6 Bxc6 32. Rxc6 Bg7 33. Bd4 Kg8 34. Bh3
Rcd8 35. Be6+ Kh8 36. Rxa6 c5 37. bxc5 b4 38. c6 Re7 39. axb4 Qb5 40. Rxa8 Rxa8
41. c7 Rxe6 42. dxe6 Rc8 43. Qc3 Kg8 44. Qc4 Qe8 45. b5 g5 46. fxg5 fxg5 47.
Bxg7 Kxg7 48. b6 Qh5 49. b7 Rf8 50. b8=Q Rf2 51. Qd4+ Kh6 52. Qxf2 1-0

[Event "Team junior-girls chess final 2017"]
[Site "Sochi"]
[Date "2017.05.01"]
[Round "1.4"]
[White "Garifullina, Leya"]
[Black "Nasybullina, Dayana"]
[Result "1/2-1/2"]
[WhiteElo "2015"]
[BlackElo "1786"]
[PlyCount "94"]
[EventDate "2017.05.01"]

1. e4 c6 2. Nc3 d5 3. Nf3 dxe4 4. Nxe4 Nd7 5. Bc4 Ngf6 6. Neg5 e6 7. Qe2 Nd5 8.
O-O h6 9. Ne4 Be7 10. d4 O-O 11. a3 N7f6 12. Bd3 Nxe4 13. Qxe4 Nf6 14. Qe2 c5
15. dxc5 Bxc5 16. b4 Be7 17. Bb2 Nd5 18. Rad1 Bf6 19. Qe4 g6 20. Ne5 Bxe5 21.
Qxe5 f6 22. Qg3 g5 23. c4 Nf4 24. Qe3 Qe7 25. Bb1 e5 26. f3 Be6 27. c5 Rad8 28.
Bc2 Qf7 29. Rf2 Rxd1+ 30. Bxd1 Rd8 31. Rd2 Rd7 32. Ba4 Rxd2 33. Qxd2 Kg7 34.
Bc2 Qd7 35. Qxd7+ Bxd7 36. g3 Ne6 37. Kf2 Kf7 38. Ke3 Bc6 39. Be4 Nc7 40. h3
Nd5+ 41. Bxd5+ Bxd5 42. a4 Bb3 43. a5 a6 44. Bc3 Ke6 45. f4 exf4+ 46. gxf4 Bc4
47. Be1 Bb5 1/2-1/2

[Event "Team junior-girls chess final 2017"]
[Site "Sochi"]
[Date "2017.05.01"]
[Round "1.4"]
[White "Shamsutdinova, Karina"]
[Black "Stepanyan, Eva"]
[Result "0-1"]
[WhiteElo "1617"]
[BlackElo "1938"]
[PlyCount "124"]
[EventDate "2017.05.01"]

1. d4 Nf6 2. c4 e6 3. Nc3 Bb4 4. Qc2 O-O 5. Nf3 b6 6. e3 Bb7 7. Be2 d6 8. O-O
Bxc3 9. Qxc3 Ne4 10. Qc2 Nd7 11. Bd3 f5 12. Nd2 Ndf6 13. f3 Nxd2 14. Bxd2 Kh8
15. e4 fxe4 16. fxe4 c5 17. d5 e5 18. Bg5 h6 19. Bh4 g5 20. Bf2 Qe8 21. Qd2 Qg6
22. Rae1 Bc8 23. b4 Nh5 24. bxc5 bxc5 25. Be3 Nf4 26. Rf2 Qh5 27. Ref1 Bd7 28.
Kh1 Kg7 29. Bxf4 gxf4 30. Be2 Qg6 31. Bf3 h5 32. h3 Kh7 33. Qe2 h4 34. Qe1 Rab8
35. Qc1 Qg3 36. Qe1 Rb4 37. Be2 Rg8 38. Rg1 Rgb8 39. Rff1 Qg5 40. Qa1 a5 41.
Rb1 Qg3 42. Rxb4 axb4 43. Qb1 Bxh3 44. Qb3 Bd7 45. Qxg3 hxg3 46. Rb1 Ra8 47.
Rb2 b3 48. Rxb3 Rxa2 49. Bf1 Ra1 50. Kg1 Bg4 51. Rb2 Kg6 52. Rc2 f3 53. gxf3
Bh3 54. Rg2 Bxg2 55. Kxg2 Kg5 56. Bd3 Kf4 57. Be2 Ra2 58. Kf1 g2+ 59. Kxg2
Rxe2+ 60. Kg1 Kxf3 61. Kh1 Kg3 62. Kg1 Re1# 0-1

[Event "Team junior-girls chess final 2017"]
[Site "Sochi"]
[Date "2017.05.02"]
[Round "2.1"]
[White "Podgornova, Anna"]
[Black "Vinokur, Yuliya"]
[Result "1/2-1/2"]
[WhiteElo "1708"]
[BlackElo "2233"]
[PlyCount "127"]
[EventDate "2017.05.01"]

1. d4 Nf6 2. c4 c5 3. d5 b5 4. cxb5 a6 5. bxa6 Bxa6 6. Nc3 g6 7. e4 Bxf1 8.
Kxf1 d6 9. g3 Bg7 10. Nf3 O-O 11. Kg2 Nbd7 12. h3 Qb6 13. Re1 Rfb8 14. Qc2 Ne8
15. Nd2 Qa6 16. a3 Ne5 17. f4 Nd3 18. Re3 Nb4 19. Qd1 Bd4 20. Rf3 Nd3 21. Nb3
Rxb3 22. Rxd3 Rab8 23. Qc2 Nf6 24. Rf3 Qc4 25. a4 Bxc3 26. bxc3 Nxe4 27. a5
Nxc3 28. a6 Qb4 29. a7 Ra8 30. f5 c4 31. fxg6 hxg6 32. Qf2 Ne4 33. Qe2 Rxf3 34.
Qxf3 Qe1 35. Qe3 Qc3 36. Ra2 Qxe3 37. Bxe3 c3 38. Ra4 Nc5 39. Ra5 c2 40. Ra2
Kf8 41. Rxc2 Rxa7 42. Bxc5 Rc7 43. Kf3 Rxc5 44. Rd2 Kg7 45. Ke4 Rc3 46. Kf4 Kf6
47. h4 Rc4+ 48. Kf3 Kf5 49. Rd3 Rb4 50. Rd2 Re4 51. Rd3 Ke5 52. g4 f5 53. gxf5
Rxh4 54. fxg6 Rh6 55. Re3+ Kf6 56. Re6+ Kg7 57. Rxe7+ Kxg6 58. Re6+ Kg5 59. Re8
Kf5 60. Ke3 Rh1 61. Kd4 Rd1+ 62. Kc4 Rc1+ 63. Kd4 Rd1+ 64. Kc4 1/2-1/2

[Event "Team junior-girls chess final 2017"]
[Site "Sochi"]
[Date "2017.05.02"]
[Round "2.1"]
[White "Mironenko, Galina"]
[Black "Lysokon, Polina"]
[Result "1-0"]
[WhiteElo "1949"]
[BlackElo "1610"]
[PlyCount "87"]
[EventDate "2017.05.01"]

1. e4 e6 2. d4 d5 3. Bd3 dxe4 4. Bxe4 Nf6 5. Bf3 g6 6. Ne2 Bg7 7. O-O c6 8. c4
O-O 9. Nbc3 Nbd7 10. Bf4 Nb6 11. b3 Nfd7 12. g3 e5 13. Be3 f5 14. dxe5 Nxe5 15.
Bg2 Be6 16. Nf4 Qe8 17. Qc2 Rf7 18. Rfe1 Re7 19. Bc5 Rd7 20. Nxe6 Qxe6 21. f4
Rad8 22. Re2 Rd3 23. fxe5 Nc8 24. Rae1 b6 25. Bd6 Rxc3 26. Qxc3 Nxd6 27. exd6
Bxc3 28. Rxe6 Bxe1 29. Rxe1 Rxd6 30. Re7 a5 31. Rc7 Rd1+ 32. Kf2 Rd2+ 33. Kf1
b5 34. c5 Rxa2 35. Rxc6 a4 36. bxa4 bxa4 37. Bd5+ Kg7 38. Bxa2 a3 39. Ra6 f4
40. gxf4 g5 41. c6 gxf4 42. c7 f3 43. c8=Q h5 44. Qg8# 1-0

[Event "Team junior-girls chess final 2017"]
[Site "Sochi"]
[Date "2017.05.02"]
[Round "2.1"]
[White "Surovtseva, Alisa"]
[Black "Nasybullina, Dayana"]
[Result "1-0"]
[WhiteElo "1588"]
[BlackElo "1786"]
[PlyCount "163"]
[EventDate "2017.05.01"]

1. e4 c5 2. Nf3 Nc6 3. Bb5 g6 4. Bxc6 bxc6 5. O-O Bg7 6. Re1 Nf6 7. e5 Nd5 8.
c4 Nc7 9. d4 cxd4 10. Nxd4 O-O 11. Nc3 f6 12. exf6 exf6 13. Ne4 Ne6 14. Nd6 f5
15. Nxe6 dxe6 16. Rb1 e5 17. c5 Be6 18. a3 Qc7 19. b4 Qe7 20. Bb2 Ba2 21. Ra1
Bd5 22. f3 e4 23. Bxg7 Kxg7 24. Qd4+ Kg8 25. fxe4 fxe4 26. a4 Rf6 27. b5 Raf8
28. Nc4 Qg7 29. Rad1 Rf2 30. Qxg7+ Kxg7 31. Ne3 Ra2 32. Nxd5 cxd5 33. Rxd5 Rff2
34. Rg5 h6 35. Rg3 Rfc2 36. c6 Rxa4 37. Rd1 Raa2 38. h4 a6 39. b6 Rab2 40. Rd6
Rxb6 41. Rgxg6+ Kf7 42. Rxh6 Rc1+ 43. Kh2 e3 44. Rd7+ Kg8 45. Re6 Kf8 46. Rxe3
Rcxc6 47. Ree7 a5 48. Rh7 Kg8 49. Ra7 Ra6 50. Rhd7 Rxa7 51. Rxa7 Rc5 52. Kh3
Rb5 53. g4 Rb3+ 54. Kg2 Rb4 55. Kg3 a4 56. h5 Rb3+ 57. Kh4 a3 58. h6 Kh8 59. g5
Rb6 60. Rxa3 Kh7 61. Kh5 Rb5 62. Ra7+ Kh8 63. Ra6 Kh7 64. Rf6 Ra5 65. Rf7+ Kh8
66. Kg6 Ra6+ 67. Rf6 Ra8 68. Rf5 Ra6+ 69. Kh5 Ra8 70. g6 Rb8 71. Ra5 Rc8 72.
Kg5 Rb8 73. Ra6 Rb5+ 74. Kf6 Rb8 75. Ra7 Rb6+ 76. Kf5 Rb5+ 77. Ke4 Rb4+ 78. Kd5
Rb5+ 79. Kc6 Rb8 80. Rc7 Ra8 81. Kb7 Rd8 82. Rc8 1-0

[Event "Team junior-girls chess final 2017"]
[Site "Sochi"]
[Date "2017.05.02"]
[Round "2.1"]
[White "Shamsutdinova, Karina"]
[Black "Tolstykh, Arina"]
[Result "1/2-1/2"]
[WhiteElo "1617"]
[BlackElo "1439"]
[PlyCount "98"]
[EventDate "2017.05.01"]

1. d4 d5 2. c4 c6 3. Nc3 e6 4. e3 Nf6 5. Nf3 Bd6 6. Qc2 Nbd7 7. Bd3 O-O 8. O-O
e5 9. dxe5 Nxe5 10. Nxe5 Bxe5 11. f4 dxc4 12. Bxc4 Bxc3 13. Qxc3 Bf5 14. b3 Nd5
15. Qe5 Qf6 16. Bxd5 cxd5 17. Qxf6 gxf6 18. Bb2 Rfe8 19. Rf3 Re6 20. Rc1 Ra6
21. g4 Be4 22. Rf2 Rxa2 23. Bxf6 Ra3 24. Rb2 Ra6 25. Bd4 Rc6 26. Rxc6 bxc6 27.
b4 a6 28. Ra2 Bd3 29. g5 Rb8 30. Bc5 Kg7 31. Ra3 Bc4 32. f5 h6 33. h4 Kh7 34.
e4 dxe4 35. Rg3 Rg8 36. Kf2 f6 37. Be7 fxg5 38. hxg5 hxg5 39. Bxg5 Kg7 40. Ke3
Bd5 41. Rh3 Kf7 42. Rh7+ Rg7 43. Rxg7+ Kxg7 44. Bd8 Kf7 45. f6 Ke6 46. Be7 Kf7
47. Bd8 Ke8 48. Be7 Kf7 49. Bd8 Ke8 1/2-1/2

[Event "Team junior-girls chess final 2017"]
[Site "Sochi"]
[Date "2017.05.02"]
[Round "2.2"]
[White "Ilyina, Lada"]
[Black "Assaubayeva, Bibisara"]
[Result "0-1"]
[WhiteElo "1670"]
[BlackElo "2224"]
[PlyCount "94"]
[EventDate "2017.05.01"]

1. e4 c5 2. d3 Nc6 3. g3 g6 4. Bg2 Bg7 5. f4 d6 6. Nc3 e6 7. Nf3 Nge7 8. O-O
Nd4 9. Ne2 Nec6 10. c3 Nxf3+ 11. Bxf3 h5 12. h3 d5 13. e5 Ne7 14. Be3 b6 15. b4
Nf5 16. Bf2 cxb4 17. cxb4 g5 18. d4 Bd7 19. a4 h4 20. g4 Ng3 21. Bxg3 hxg3 22.
Bg2 gxf4 23. Nxf4 Bh6 24. Qf3 Qg5 25. Qxg3 Rg8 26. Ra3 Kd8 27. Qf2 Bf8 28. Qe1
a5 29. Nh5 Bxb4 30. Qa1 Bxa3 31. Qxa3 Qe7 32. Qd3 Bxa4 33. Nf6 Rh8 34. g5 Be8
35. Qb1 Qb4 36. Qa1 Rc8 37. Rb1 Qd2 38. Qa3 Qxd4+ 39. Kh1 Qc5 40. Qf3 Bc6 41.
Ng4 Rf8 42. Nh6 d4 43. Qf6+ Kd7 44. Rf1 Bxg2+ 45. Kxg2 Qd5+ 46. Kg3 Rc3+ 47.
Kg4 Qg2+ 0-1

[Event "Team junior-girls chess final 2017"]
[Site "Sochi"]
[Date "2017.05.02"]
[Round "2.2"]
[White "Bulatova, Kamaliya"]
[Black "Strukova, Ksenia"]
[Result "1/2-1/2"]
[WhiteElo "2009"]
[BlackElo "1762"]
[PlyCount "80"]
[EventDate "2017.05.01"]

1. d4 d5 2. c4 e6 3. Nc3 a6 4. cxd5 exd5 5. Nf3 Nf6 6. Bg5 Be6 7. e3 Nbd7 8.
Bd3 h6 9. Bh4 g5 10. Bg3 Nh5 11. Be5 Ng7 12. h3 Nxe5 13. Nxe5 Bd6 14. Nf3 c6
15. a3 Qe7 16. Rc1 Rd8 17. Na4 O-O 18. Nc5 Bxc5 19. Rxc5 Bf5 20. Bxf5 Nxf5 21.
Ne5 Rfe8 22. O-O f6 23. Ng4 h5 24. Qd3 hxg4 25. Qxf5 gxh3 26. gxh3 Kg7 27. Kh2
Rh8 28. Rg1 Qd7 29. Qxd7+ Rxd7 30. b4 Kf7 31. a4 Ke6 32. Rg3 Rdh7 33. Kg2 Kd6
34. Rc1 Re8 35. Rg4 Reh8 36. Rh1 Rh5 37. Rg3 R5h6 38. a5 Rh5 39. Re1 Re8 40.
Rf3 Rh6 1/2-1/2

[Event "Team junior-girls chess final 2017"]
[Site "Sochi"]
[Date "2017.05.02"]
[Round "2.2"]
[White "Granovskaya, Ekaterina"]
[Black "Garifullina, Leya"]
[Result "1-0"]
[WhiteElo "1741"]
[BlackElo "2015"]
[PlyCount "119"]
[EventDate "2017.05.01"]

1. e4 c5 2. Nf3 d6 3. d4 cxd4 4. Nxd4 Nf6 5. f3 e5 6. Nb3 a5 7. c4 Nxe4 8. fxe4
Qh4+ 9. Kd2 a4 10. Nc3 axb3 11. Qxb3 Qf2+ 12. Kd3 Qe1 13. g3 Na6 14. Be3 Qxa1
15. Bg2 Qxh1 16. Bxh1 Rb8 17. Ba7 Be7 18. Qb5+ Bd7 19. Qb6 Nc5+ 20. Ke2 Rc8 21.
b4 Rc6 22. Qa5 Bd8 23. Qa3 Ra6 24. Qb2 Rxa7 25. bxc5 dxc5 26. Nb5 Ra6 27. Qxe5+
Be6 28. Nd6+ Kd7 29. Nxb7 Bxc4+ 30. Kd1 Bf6 31. Qxc5 Rc8 32. Qf5+ Be6 33. Qb5+
Rcc6 34. Nc5+ Kd8 35. Nxa6 Bg4+ 36. Kd2 Rd6+ 37. Kc2 Bd7 38. Qa5+ Ke7 39. e5
Bf5+ 40. Kb2 Rd7 41. exf6+ Kxf6 42. Bc6 Rd1 43. Qc3+ Kg6 44. Nb4 Rb1+ 45. Ka3
h5 46. Bf3 f6 47. Qd4 Re1 48. g4 hxg4 49. Bxg4 Re4 50. Bxf5+ Kxf5 51. Qd3 Kf4
52. Nd5+ Ke5 53. Nc3 Rg4 54. h3 Rg5 55. Qd5+ Kf4 56. Qe4+ Kg3 57. h4 Rg4 58.
Qe1+ Kf3 59. Qe2+ Kg3 60. Ne4+ 1-0

[Event "Team junior-girls chess final 2017"]
[Site "Sochi"]
[Date "2017.05.02"]
[Round "2.2"]
[White "Stepanyan, Eva"]
[Black "Nur-Mukhametova, Alisa"]
[Result "0-1"]
[WhiteElo "1938"]
[BlackElo "1699"]
[PlyCount "68"]
[EventDate "2017.05.01"]

1. e4 c5 2. Nf3 d6 3. d4 cxd4 4. Nxd4 Nf6 5. Nc3 a6 6. Be2 e6 7. f4 Be7 8. O-O
O-O 9. Kh1 Qc7 10. Qe1 b5 11. Bf3 Bb7 12. e5 dxe5 13. fxe5 Nfd7 14. Bxb7 Qxb7
15. a3 Nc6 16. Nxc6 Qxc6 17. Qg3 f6 18. exf6 Bxf6 19. Bd2 Nb6 20. Rae1 Nc4 21.
Bc1 Nxa3 22. Rxf6 Rxf6 23. bxa3 Raf8 24. Kg1 Rg6 25. Qh3 Rf3 26. g3 Rxc3 27.
Qh4 Qb6+ 28. Kh1 Rxc2 29. Qh3 Qc6+ 30. Kg1 Rxc1 31. Qf1 Rxe1 32. Qxe1 Rf6 33.
Qd1 Qc5+ 34. Kh1 Qd5+ 0-1